Statistics for Pokemon Moves Starting with the Letter D

Click here to take the quiz!

General Stats

  • This quiz has been taken 76 times
    (25 since last reset)
  • The average score is 30 of 49

Answer Stats

TypePhys/Spec/StatusSpecial EffectAnswer% Correct
GroundPhysicalTwo turn move, also escapes caves and dungeonsDig
89%
DragonSpecialLowers users Spec. Atk. by 2 stagesDraco Meteor
89%
DragonStatusRaises users Speed and AtkDragon Dance
89%
DragonPhysicalForces opponent to switch outDragon Tail
89%
DarkSpecialMay make foe flinchDark Pulse
84%
WaterPhysicalTwo turn move. Also lets player under the seaDive
84%
FightingPhysicalHits 2 timesDouble Kick
84%
DragonPhysicalN/ADragon Claw
84%
GhostStatusIf user is fainted after use, foe that knocked it out faints tooDestiny Bond
79%
FairySpecialUser receives 1/2 damage back as recovery HPDraining Kiss
79%
FightingStatusUser evades all attacks for the turn, can fail if used againDetect
74%
DragonPhysicalHits twice, switches targets on second hit. Signature of DragpultDragon Darts
74%
DragonSpecialN/ADragon Pulse
74%
DragonSpecialAlways deals 40hp damageDragon Rage
74%
FightingPhysicalUser recieves 1/2 damage back as recovery HPDrain Punch
74%
PsychicSpecialUser recieves 1/2 damage back as Recovery HP, only usable on sleeping pokemonDream Eater
74%
DarkStatusPuts foe to sleepDark Void
68%
ElectricSpecialMay cause paralysisDischarge
68%
NormalPhysicalUser suffers 1/3 recoilDouble Edge
68%
NormalPhysicalHits 2 timesDouble Hit
68%
NormalPhysicalHits 2-5 timesDouble Slap
68%
NormalStatusUser raises evasivenessDouble Team
68%
FlyingStatusRemoves all entry hazards and screens from the fieldDefog
63%
NormalStatusPrevents foe from using last move for four turnsDisable
63%
DragonSpecialMay paralyze the foeDragon Breath
63%
DragonSpecialDeals double damage to Dynamaxed foe. Signature of EternatusDynamax Cannon
63%
FairySpecialN/ADazzling Gleam
58%
NormalPhysicalMay make foe confusedDizzy Punch
58%
DragonPhysicalMay make foe flinchDragon Rush
58%
SteelSpecialTarget is hit two turns after useDoom Desire
53%
ElectricPhysicalUser loses Electric typing after use. Signature of PawmotDouble Shock
53%
DragonSpecialDamage decreases with HP loss. Signature of RegidragoDragon Energy
53%
FightingPhysicalAlways confuses the targetDynamicpunch
53%
NormalStatusRaises users Def. and doubles power of rollout and ice ballDefense Curl
47%
PoisonPhysicalIncreased Critical Hit Ratio. 50% Chance to Poison, Paralyze, or make Drowsy. Signature of SneaslerDire Claw
47%
SteelPhysicalHits 2 times. May make target flinchDouble Iron Bash
47%
FlyingPhysicalN/ADrill Peck
47%
FlyingPhysicalHits twiceDual Wingbeat
47%
BugStatusRaises users Def. and Spec. Def.Defend Order
42%
FlyingPhysicalLowers users Def. and Spec. Def.Dragon Ascent
42%
GrassPhysicalLowers foe Speed 1 stage. Signature of RillaboomDrum Beating
42%
DragonPhysicalHits 2 timesDual Chop
42%
DarkPhysicalIgnores targets stat changesDarkest Lariat
37%
FairySpecialNever missesDisarming Voice
37%
NormalStatusChanges user and ally abilities to foes. Signature of GrafaiaiDoodle
37%
GroundPhysicalHigh Crit. RateDrill Run
37%
FairyStatusRaises target Attack and Sp. Atk. 2 stages. Signature of AlcremieDecorate
32%
RockPhysicalMay raise users Def. stat by 2 stagesDiamond Storm
32%
DragonPhysicalN/ADragon Hammer
26%

Score Distribution

Percentile by Number Answered

Percent of People with Each Score

Your Score History

You have not taken this quiz since the last reset